000 00656nam a2200205Ia 4500
003 Ost
005 20260507075138.0
008 260507s9999||||xx |||||||||||||| ||und||
020 _a11483399579
040 _cfsecg
041 _aara
082 _a330
100 _aالفضل، مؤيد
_eمؤلف
245 0 _aتقييم و ادارة المشروعات المتوسطة و الكبيرة :
_bمنهج كمي معد دراسة حالة /
_c مؤيد الفضل
260 _aعمان:
_bدار الوراق,
_c2008
300 _a553 صفحة؛
653 _aادارة الاعمال
653 _aادارة المشاريع
942 _cكتاب
999 _c43281
_d43281